| 000 | 00454nam a22001697a 4500 | ||
|---|---|---|---|
| 003 | OSt | ||
| 005 | 20220209163113.0 | ||
| 008 | 220209b |||||||| |||| 00| 0 eng d | ||
| 020 | _a9789076070001 | ||
| 040 |
_aDDC _cHU |
||
| 082 |
_21ST _a618.04 _b1 |
||
| 100 |
_aFABIENNE RICHARD _930091 |
||
| 245 | _aREDUCING FINANCIAL BARRIERS TO OBSTETRIC CARE IN LOW-INCOME COUNTRIES | ||
| 250 | _a1ST | ||
| 260 |
_aBELGIUM _bITGPRESS _c2008 |
||
| 942 |
_2ddc _cBOOKS _n0 |
||
| 999 |
_c29750 _d29750 |
||